000 01540nam a2200493 i 4500
001 25072
003 KOSZ 005
005 20200417145012.0
008 980708s1996 pl a |000 0 pol
015 _aUWD 1996/9525
020 _a8390166534 (2 t.)
035 _a991004522599705066
035 _a(PL-WaBN)b11192793-48omnis_nlop
035 _ab11192793
035 _a(OCoLC)830125476
035 _a(PL)b0000001119279
035 _a(EXLNZ-48OMNIS_NETWORK)9910263370705606
040 _aWA N
_cWA N
_dKOSZ 005/AR
041 _apol
044 _apl
080 _a338.43
080 _a(100)
080 _a330.1
080 _a(075.8)
100 1 _aWoś, Augustyn
_d(1932-2010)
_eAutor
245 1 0 _aAgrobiznes.
_n[T. 1],
_pMakroekonomika /
_cAugustyn Woś.
260 _aWarszawa :
_b"Key Text",
_c1996.
300 _a334, [2] strony :
_bilustracje ;
_c24 cm.
336 _aTekst
_btxt
_2rdacontent
337 _aBez urządzenia pośredniczącego
_bn
_2rdamedia
338 _aWolumin
_bnc
_2rdacarrier
380 _aKsiążki
388 _a1901-2000
388 _a1989-2000
504 _aBibliografia przy rozdziałach.
650 7 _aAgrobiznes
_2DBN
650 7 _aMakroekonomia
_2DBN
655 7 _aPodręczniki akademickie
_2DBN
658 _aGospodarka, ekonomia, finanse
710 2 _aWydawnictwo Key Text
_4pbl
856 _uhttp://koha.tu.koszalin.pl/cgi-bin/koha/opac-detail.pl?biblionumber=25072
_yKatalog online BPK
942 _2UKD
_cKS
999 _c25072
_d25072